| 000 | 00360nam a22001457a 4500 | ||
|---|---|---|---|
| 008 | 210311b ||||| |||| 00| 0 eng d | ||
| 020 | _a9780471319993 | ||
| 041 | _aeng | ||
| 080 |
_27th _a510 |
||
| 082 |
_27th _a510 |
||
| 100 | _a36 | ||
| 101 | _aMAT | ||
| 245 |
_aElementary Differential Equations and Boundary Value Problems _cBoyce,E.W |
||
| 942 |
_2udc _cBK |
||
| 999 |
_c56425 _d56425 |
||